Szervezkedtek, fegyvert fogtak. A tények ellenállnak a divatnak

Elmentve itt :
Bibliográfiai részletek
Szerző: Rozs Mihály
Dokumentumtípus: Cikk
Megjelent: 1992-10-12
Sorozat:Vasárnapi Hírek 8 No. 42
Kulcsszavak:fegyveres ellenállás, SZESZ, Soli Deo Gloria vallási szervezet, Várhelyi József orvostanhallgató, Zöld Sándor, Újhelyi Szilárd, Donáth Ferenc, Kristó Nagy István, Várhelyi József orvostanhallgató, szellemi irányítás - Szent-Györgyi Albert, Táncsics zászlóalj, szociáldemokrata munkás fiatalok - Rákoshegy
Online Access:http://misc.bibl.u-szeged.hu/72918
LEADER 00979nab a2200181 i 4500
001 misc72918
005 20251006114721.0
008 251006s1992 hu o 000 hun d
040 |a SZTE Miscellanea Repozitórium  |b hun 
041 |a hun 
100 1 |a Rozs Mihály 
245 1 0 |a Szervezkedtek, fegyvert fogtak. A tények ellenállnak a divatnak  |h [elektronikus dokumentum] /  |c  Rozs Mihály 
260 |c 1992-10-12 
300 |a 5 
490 0 |a Vasárnapi Hírek  |v 8 No. 42 
561 |a Szent-Györgyi Albertről szóló irodalom 
695 |a fegyveres ellenállás, SZESZ, Soli Deo Gloria vallási szervezet, Várhelyi József orvostanhallgató, Zöld Sándor, Újhelyi Szilárd, Donáth Ferenc, Kristó Nagy István, Várhelyi József orvostanhallgató, szellemi irányítás - Szent-Györgyi Albert, Táncsics zászlóalj, szociáldemokrata munkás fiatalok - Rákoshegy 
856 4 0 |u http://misc.bibl.u-szeged.hu/72918/1/VasarnapiHirek_1992_07-12__ellen%C3%A1ll%C3%A1s.pdf  |z Dokumentum-elérés